LEADER 02471nam0 22005293i 450 001 VAN0275164 005 20240606023940.419 017 70$2N$a9783030832667 100 $a20240417d2021 |0itac50 ba 101 $aeng 102 $aCH 105 $a|||| ||||| 200 1 $aRecent Developments in Stochastic Methods and Applications$eICSM-5, Moscow, Russia, November 23?27, 2020, Selected Contributions$fAlbert N. Shiryaev, Konstantin E. Samouylov, Dmitry V. Kozyrev editors 210 $aCham$cSpringer$d2021 215 $axiii, 360 p.$cill.$d24 cm 410 1$1001VAN0102574$12001 $aSpringer proceedings in mathematics & statistics$1210 $aBerlin [etc.]$cSpringer$v371 606 $a60-XX$xProbability theory and stochastic processes [MSC 2020]$3VANC020428$2MF 606 $a00B25$xProceedings of conferences of miscellaneous specific interest [MSC 2020]$3VANC020732$2MF 606 $a60H30$xApplications of stochastic analysis (to PDEs, etc.) [MSC 2020]$3VANC021490$2MF 610 $aApplied probability$9KW:K 610 $aAsymptotic methods$9KW:K 610 $aData analysis$9KW:K 610 $aInsurance and financial mathematics$9KW:K 610 $aLimit Theorems$9KW:K 610 $aMachine learning$9KW:K 610 $aMarkov Processes$9KW:K 610 $aMartingales$9KW:K 610 $aQueueing Theory$9KW:K 610 $aReliability theory$9KW:K 610 $aStatistical Methods$9KW:K 610 $aStochastic Analysis$9KW:K 610 $aStochastic methods$9KW:K 610 $astochastic networks$9KW:K 620 $aCH$dCham$3VANL001889 702 1$aKozyrev$bDmitry V.$3VANV227658 702 1$aSamouylov$bKonstantin E.$3VANV227657 702 1$aShiryaev$bAlbert N.$3VANV039954 712 12$aInternational Conference on Stochastic Methods$d5.$f2020$eMoscow, Russia$3VANV227659 712 $aSpringer $3VANV108073$4650 801 $aIT$bSOL$c20240614$gRICA 856 4 $uhttps://doi.org/10.1007/978-3-030-83266-7$zE-book ? Accesso al full-text attraverso riconoscimento IP di Ateneo, proxy e/o Shibboleth 899 $aBIBLIOTECA DEL DIPARTIMENTO DI MATEMATICA E FISICA$1IT-CE0120$2VAN08 912 $fN 912 $aVAN0275164 950 $aBIBLIOTECA DEL DIPARTIMENTO DI MATEMATICA E FISICA$d08CONS e-book 8388 $e08eMF8388 20240503 996 $aRecent Developments in Stochastic Methods and Applications$91897168 997 $aUNICAMPANIA LEADER 02094nam0 2200433 i 450 001 VAN00123923 005 20240806100815.54 017 70$2N$a9783319517957 100 $a20191004d2017 |0itac50 ba 101 $aeng 102 $aCH 105 $a|||| ||||| 200 1 $aAdvances in Energy System Optimization$eProceedings of the first International Symposium on Energy System Optimization$fValentin Bertsch ... [et al.] editors 210 $aCham$cBirkhäuser$d2017 215 $aviii, 245 p.$cill.$d24 cm 410 1$1001VAN00059023$12001 $aTrends in mathematics$1210 $aBasel [etc.]$cBirkhäuser$d1997- 500 1$3VAN00235351$aAdvances in Energy System Optimization : Proceedings of the first International Symposium on Energy System Optimization$91562374 606 $a00B25$xProceedings of conferences of miscellaneous specific interest [MSC 2020]$3VANC020732$2MF 606 $a90-XX$xOperations research, mathematical programming [MSC 2020]$3VANC025650$2MF 606 $a90B70$xTheory of organizations, manpower planning in operations research [MSC 2020]$3VANC035158$2MF 606 $a90C90$xApplications of mathematical programming [MSC 2020]$3VANC019710$2MF 610 $aEnergy$9KW:K 610 $aHeidelberg$9KW:K 610 $aIseso$9KW:K 610 $aOptimization$9KW:K 610 $aPower$9KW:K 610 $aSymposium$9KW:K 610 $aSystem$9KW:K 620 $aCH$dCham$3VANL001889 702 1$aBertsch$bValentin$3VANV095389 712 $aBirkhäuser $3VANV108193$4650 801 $aIT$bSOL$c20250131$gRICA 856 4 $uhttp://doi.org/10.1007/978-3-319-51795-7$zE-book ? Accesso al full-text attraverso riconoscimento IP di Ateneo, proxy e/o Shibboleth 899 $aBIBLIOTECA DEL DIPARTIMENTO DI MATEMATICA E FISICA$1IT-CE0120$2VAN08 912 $fN 912 $aVAN00123923 950 $aBIBLIOTECA DEL DIPARTIMENTO DI MATEMATICA E FISICA$d08DLOAD e-book 0528 $e08eMF528 20191004 996 $aAdvances in Energy System Optimization$91562374 997 $aUNICAMPANIA